书目信息 |
| 题名: |
毛泽东与他家乡的省委书记
|
|
| 作者: | ;中共湖南省委党史研究室 编 | |
| 分册: | ||
| 出版信息: | 北京 中央文献出版社 2009 |
|
| 页数: | 310页 | |
| 开本: | 24cm | |
| 丛书名: | ||
| 单 册: | ||
| 中图分类: | A752 , K827=7 | |
| 科图分类: | ||
| 主题词: | 领导人员--生平事迹--湖南省--现代 | |
| 电子资源: | ||
| ISBN: | 978-7-5073-2731-1 | |
| 000 | 00990nam0 2200253 45 | |
| 001 | 1033042375 | |
| 005 | 20100407171513.39 | |
| 010 | @a978-7-5073-2731-1@dCNY42.00 | |
| 100 | @a20100401d2009 em y0chiy50 ea | |
| 101 | 0 | @achi |
| 102 | @aCN@b110000 | |
| 105 | @aa z 000yy | |
| 106 | @ar | |
| 200 | 1 | @a毛泽东与他家乡的省委书记@AMao Ze Dong Yu Ta Jia Xiang De Sheng Wei Shu Ji@f中共湖南省委党史研究室编@FZhong Gong Hu Nan Sheng Wei Dang Shi Yan Jiu Shi Bian |
| 210 | @a北京@c中央文献出版社@d2009 | |
| 215 | @a310页@c照片@d24cm | |
| 330 | @a本书重点介绍了毛泽东与李维汉、夏曦、郭亮、易礼容、彭公达、高文华、周里、黄克诚、周小舟、张平化、华国锋等11位中共湖南省委书记的交往故事。 | |
| 600 | 0 | @a毛泽东@f(1893~1976)@x生平事迹 |
| 606 | 0 | @a领导人员@x生平事迹@y湖南省@z现代 |
| 690 | @aA752@v4 | |
| 690 | @aK827=7@v4 | |
| 711 | 02 | @a中共湖南省委党史研究室@AZhong Gong Hu Nan Sheng Wei Dang Shi Yan Jiu Shi@4编 |
| 801 | 0 | @aCN@bTANGWEI@c20100407 |
| 905 | @b0587805-07@dA752@e198@f3 | |
| 毛泽东与他家乡的省委书记/中共湖南省委党史研究室编.-北京:中央文献出版社,2009 |
| 310页:照片;24cm |
| ISBN 978-7-5073-2731-1:CNY42.00 |
| 本书重点介绍了毛泽东与李维汉、夏曦、郭亮、易礼容、彭公达、高文华、周里、黄克诚、周小舟、张平化、华国锋等11位中共湖南省委书记的交往故事。 |
| ● |
| 相关链接 |
|
|
|
|
正题名:毛泽东与他家乡的省委书记
索取号:A752/198
 
预约/预借
| 序号 | 登录号 | 条形码 | 馆藏地/架位号 | 状态 | 备注 |
| 1 | 0587805 | 205878059 | 第一样本阅览室/ [索取号:A752/198] | 在馆 | |
| 2 | 0587806 | 205878068 | 第一借阅区/ [索取号:A752/198] | 在馆 | |
| 3 | 0587807 | 205878077 | 第一借阅区/ [索取号:A752/198] | 在馆 |